[Event "II Miedzynarodowy Memorial Ireny Warakomskiej - Open C"]
[Site "Suwalki"]
[Date "2018.08.08"]
[Round "9.12"]
[White "Palacz, Karolina "]
[Black "Tynski, Aleksander "]
[Result "0-1"]
[WhiteTitle ""]
[BlackTitle ""]
[WhiteElo "1055"]
[BlackElo "1448"]

1. e4 c5 2. d4 cxd4 3. Qxd4 Nc6 4. Qc3 d6 5. Nf3 Nf6 6. e5 dxe5 7. Nxe5 Nxe5 8.
Qxe5 g6 9. h3 Bg7 10. Bc4 a6 11. O-O O-O 12. Qe2 Qc7 13. Nd2 b5 14. Bd3 Bb7 15.
Nf3 Rfd8 16. c4 Bxf3 17. Qxf3 bxc4 18. Bf4 e5 19. Bg5 cxd3 20. Bxf6 Bxf6 21. Qxf6
Qd6 22. Qf3 Rac8 23. Rfd1 f5 24. Qb7 e4 25. Qb3+ Kf8 26. Rd2 Rc6 27. Rdd1 Rdc8
28. f3 Rb8 29. Qa4 Rxb2 30. fxe4 Rb4 31. Qa3 fxe4 32. Rf1+ Kg7 33. Rfd1 Qd4+ 34.
Kh1 d2 35. Qg3 e3 36. Qf3 Qe4 37. Qe2 Rbc4 38. Rab1 Rc1 39. Rb7+ Kh6 40. Rd7 Rxd1+
41. Kh2 Qf4+ 42. g3 Qf2+ 43. Qxf2 exf2 44. g4 f1=Q 45. g5+ Kxg5 46. h4+ Kf6 47.
Rd8 Qh1+ 48. Kg3 Rc3+ 49. Rd3 Rxd3+ 50. Kf4 Qf3# 0-1

[Event "II Miedzynarodowy Memorial Ireny Warakomskiej - Open C"]
[Site "Suwalki"]
[Date "2018.08.08"]
[Round "9.13"]
[White "Pieczulis, Blazej"]
[Black "Budzisz, Adrian"]
[Result "1/2-1/2"]
[WhiteTitle ""]
[BlackTitle ""]
[WhiteElo "1442"]
[BlackElo "1400"]

1. d4 d5 2. Nf3 e6 3. e3 Nf6 4. Bd3 b6 5. c4 Bb7 6. Nc3 Nbd7 7. O-O Be7 8. cxd5
Nxd5 9. Nxd5 Bxd5 10. Bd2 O-O 11. Bc3 c5 12. b3 Bf6 13. Rc1 Rc8 14. Qe2 Re8 15.
Bb5 Bc6 16. Bxc6 Rxc6 17. dxc5 Rxc5 18. Bxf6 Qxf6 19. Rxc5 Nxc5 20. Rd1 Rd8 21.
Rd4 1/2-1/2

[Event "II Miedzynarodowy Memorial Ireny Warakomskiej - Open C"]
[Site "Suwalki"]
[Date "2018.08.08"]
[Round "9.15"]
[White "Gladyszewska, Kinga"]
[Black "Olszewski, Jan "]
[Result "1/2-1/2"]
[WhiteTitle ""]
[BlackTitle ""]
[WhiteElo "1080"]
[BlackElo "1394"]

1. e4 e5 2. Nf3 Nc6 3. Bc4 Bc5 4. Nc3 Nf6 5. d3 h6 6. h3 d6 7. O-O O-O 8. Be3 Bb6
9. Qd2 Be6 10. Bb3 d5 11. exd5 Nxd5 12. Nxd5 Bxd5 13. Bxb6 axb6 14. Bxd5 Qxd5
15. a3 Rad8 16. Qc3 Rfe8 17. Rfe1 Re7 18. Rad1 Qd6 19. Nh4 Qf6 20. Nf3 Nd4 21.
Nxd4 exd4 22. Qb4 Rde8 23. Rxe7 Rxe7 24. Re1 Rxe1+ 25. Qxe1 Qc6 26. Qd2 Qb5 27.
Qc1 Kf8 28. b3 Qc5 29. a4 Qc3 30. Kf1 g5 31. Ke2 Ke7 32. Qd2 Qxd2+ 33. Kxd2 Kd6
34. b4 Kd5 35. c4+ Ke5 36. Ke2 h5 37. g3 f5 38. Kf3 h4 39. Ke2 c6 40. Kf3 Ke6
41. Ke2 Kf6 42. Kf3 Ke5 43. Ke2 Kf6 44. gxh4 gxh4 45. f4 Ke6 46. Kd2 Kd6 47. Kc2
c5 1/2-1/2

[Event "II Miedzynarodowy Memorial Ireny Warakomskiej - Open C"]
[Site "Suwalki"]
[Date "2018.08.08"]
[Round "9.16"]
[White "Kopaczewski, Zbigniew"]
[Black "Ulanowska, Dorota"]
[Result "1-0"]
[WhiteTitle ""]
[BlackTitle ""]
[WhiteElo "1391"]
[BlackElo "1299"]

1. e3 e5 2. g3 Nc6 3. a3 Nf6 4. b4 d6 5. Bg2 Bf5 6. Bb2 a6 7. d3 Qd7 8. c4 b5 9.
Nc3 Rb8 10. cxb5 axb5 11. Rc1 Be7 12. Nxb5 d5 13. Nc3 O-O 14. Nce2 Rfc8 15. Nf3
Rb6 16. O-O e4 17. Nfd4 Nxd4 18. Nxd4 Bh3 19. Rc2 Bxg2 20. Kxg2 h6 21. Qd2 Qg4
22. f3 exf3+ 23. Rxf3 Nh5 24. Qf2 Rf6 25. Nf5 Re6 26. Nd4 Rf6 27. Nc6 Rxf3 28.
Qxf3 Qxf3+ 29. Kxf3 Bd6 30. Be5 Bf8 31. a4 f6 32. Bd4 Ra8 33. a5 g5 34. g4 Ng7
35. Bxf6 Bd6 36. Be5 Bxe5 37. Nxe5 Ne6 38. Rc6 Nd8 39. Rxc7 Rb8 40. a6 Ne6 41.
Rb7 Ra8 42. a7 Rf8+ 43. Ke2 d4 44. Rb8 Nc7 45. Nd7 dxe3 46. Rxf8+ Kg7 47. Rc8
Nd5 48. a8=Q Ne7 49. Qa1+ Kf7 50. Qf6# 1-0

[Event "II Miedzynarodowy Memorial Ireny Warakomskiej - Open C"]
[Site "Suwalki"]
[Date "2018.08.08"]
[Round "9.17"]
[White "Zalega, Maciej "]
[Black "Burak, Vyacheslav"]
[Result "0-1"]
[WhiteTitle ""]
[BlackTitle ""]
[WhiteElo "1375"]
[BlackElo "1236"]

1. e4 c5 2. Nf3 d6 3. d4 cxd4 4. Nxd4 Nf6 5. Nc3 a6 6. Be2 e6 7. f3 b5 8. Be3 Bb7
9. Qd2 Nbd7 10. O-O-O Be7 11. g4 Nb6 12. a3 Rc8 13. h4 Nfd7 14. g5 Ne5 15. b3
d5 16. Kb2 Bxa3+ 17. Kxa3 b4+ 18. Ka2 bxc3 19. Qe1 Qc7 20. f4 Ned7 21. e5 Qc5
22. Ra1 Qb4 23. Kb1 Nc4 24. Ra4 Qb6 25. Bxc4 Nc5 26. Bb5+ axb5 27. Rb4 Ba6 28.
Qxc3 Ne4 29. Qa1 Nc3+ 30. Kb2 Qb7 31. Qa5 O-O 32. Ra1 Qe7 33. Bd2 Qc5 34. Re1
Rc7 35. Kc1 Ra8 36. Bxc3 Qxc3 37. Rxb5 Qxd4 38. Qxa6 Rca7 39. Qxa7 Qxa7 40. f5
Qd4 41. c4 Ra1+ 42. Kc2 Ra2+ 43. Kc1 Qd2+ 44. Kb1 Qb2# 0-1

[Event "II Miedzynarodowy Memorial Ireny Warakomskiej - Open C"]
[Site "Suwalki"]
[Date "2018.08.08"]
[Round "9.18"]
[White "Zajac, Szymon"]
[Black "Podlewski, Michal"]
[Result "1/2-1/2"]
[WhiteTitle ""]
[BlackTitle ""]
[WhiteElo "1346"]
[BlackElo "1371"]

1. d4 Nf6 2. Bf4 g6 3. c4 d6 4. Nc3 Bg7 5. e4 O-O 6. Qd2 Nh5 7. Bh6 Nd7 8. Bxg7
Kxg7 9. Be2 Nhf6 10. h4 e5 11. O-O-O b6 12. h5 Bb7 13. hxg6 fxg6 14. Qh6+ Kg8
15. d5 Qe7 16. Nh3 Qg7 17. Qxg7+ Kxg7 18. Ng5 Kg8 19. Rh2 Rfe8 20. f3 Re7 21.
Nb5 Nf8 22. Rdh1 a6 23. Nc3 N8d7 24. Nd1 Nc5 25. Nf2 Rae8 26. Ng4 Ncd7 27. Nh6+
Kh8 28. g4 Nf8 29. Bd1 Bc8 30. Ba4 Bd7 31. Bxd7 Rxd7 32. Nh3 Kg7 33. Nf2 Rde7
34. g5 Nh5 35. Nfg4 Nd7 36. Nf5+ gxf5 37. exf5 Nhf6 38. gxf6+ Nxf6 39. Nxf6 Kxf6
40. Rxh7 Kxf5 41. Kd2 b5 42. b3 bxc4 43. bxc4 e4 44. Rxe7 Rxe7 45. fxe4+ Rxe4
46. Kd3 Re7 47. Rf1+ Ke5 48. Re1+ Kf6 49. Rxe7 Kxe7 50. Ke4 Kf6 51. Kd4 Ke7 52.
c5 dxc5+ 53. Kxc5 Kd7 54. a4 Kd8 55. Kc6 Kc8 56. Kc5 Kb7 57. a5 Kb8 58. Kd4 Kc8
59. Ke5 Kd7 1/2-1/2

[Event "II Miedzynarodowy Memorial Ireny Warakomskiej - Open C"]
[Site "Suwalki"]
[Date "2018.08.08"]
[Round "9.19"]
[White "Ulanowski, Marek "]
[Black "Zalega, Joanna "]
[Result "0-1"]
[WhiteTitle ""]
[BlackTitle ""]
[WhiteElo "1356"]
[BlackElo "1105"]

1. e4 c5 2. Nf3 d6 3. Nc3 Nf6 4. b3 Nc6 5. d4 cxd4 6. Nxd4 e5 7. Nf3 Be7 8. Be2
O-O 9. Nd5 Nxe4 10. c4 Nf6 11. Bb2 Nxd5 12. cxd5 Qa5+ 13. Qd2 Qxd2+ 14. Nxd2 Nb4
15. O-O Nxd5 16. Rac1 Be6 17. Bf3 Rab8 18. Rfd1 Rfd8 19. Nf1 Nf6 20. Rc3 b6 21.
Rc7 Rd7 22. Rdc1 Kf8 23. R7c2 Rdd8 24. Rc7 a5 25. Be2 Rdc8 26. Ba6 Rxc7 27. Rxc7
Nd5 28. Rc1 Nb4 29. Be2 Nxa2 30. Rc2 Bxb3 31. Rc6 Bd5 32. Rc2 Nb4 33. Rc1 Bb7
34. Bg4 Nd3 35. Rc2 Nxb2 36. Rxb2 Ba6 37. Ne3 b5 38. h3 a4 39. Nd5 Bd8 40. Kh2
0-1

[Event "II Miedzynarodowy Memorial Ireny Warakomskiej - Open C"]
[Site "Suwalki"]
[Date "2018.08.08"]
[Round "9.20"]
[White "Nowak, Adam"]
[Black "Bednarski, Pawel "]
[Result "1-0"]
[WhiteTitle ""]
[BlackTitle ""]
[WhiteElo "1352"]
[BlackElo "1167"]

1. c4 e6 2. g3 d5 3. Nf3 Nf6 4. Bg2 Be7 5. O-O O-O 6. b3 Nbd7 7. Bb2 Rb8 8. d3
b6 9. cxd5 exd5 10. Qc2 c5 11. Nbd2 Bb7 12. Rac1 d4 13. b4 Qc7 14. e3 dxe3 15.
fxe3 Qd6 16. bxc5 Qxc5 17. Nc4 Rfc8 18. Ba3 Qxa3 19. Nxa3 Rxc2 20. Nxc2 Nc5 21.
Ne5 Bxg2 22. Kxg2 Bd6 23. d4 Bxe5 24. dxe5 Nfe4 25. Nd4 f6 26. Nc6 Rb7 27. Rcd1
h6 28. Rd8+ Kf7 29. exf6 gxf6 30. Rfd1 Rc7 31. Nd4 Nc3 32. Rd2 N5e4 33. Rc2 Ng5
34. h4 Nge4 35. g4 Rb7 36. Nf5 Ke6 37. Rh8 1-0

[Event "II Miedzynarodowy Memorial Ireny Warakomskiej - Open C"]
[Site "Suwalki"]
[Date "2018.08.08"]
[Round "9.21"]
[White "Kruszynski, Jacek"]
[Black "Trochimczuk, Szymon"]
[Result "0-1"]
[WhiteTitle ""]
[BlackTitle ""]
[WhiteElo "1145"]
[BlackElo "1330"]

1. e4 c5 2. Nf3 Nc6 3. d4 cxd4 4. Nxd4 e5 5. Nb5 d6 6. N1c3 a6 7. Na3 b5 8. Nd5
Nf6 9. c4 b4 10. Nc2 a5 11. Bg5 Be7 12. Nxe7 Qxe7 13. Qf3 Be6 14. Bxf6 Qxf6 15.
Qxf6 gxf6 16. Rd1 Ke7 17. Ne3 Nd4 18. Bd3 Rac8 19. b3 Rhg8 20. f3 Rg7 21. Kf2
Rcg8 22. Rhg1 h5 23. Bb1 Rh8 24. Nc2 Nxc2 25. Bxc2 Rgg8 26. Rd2 Rd8 27. Rgd1 Rd7
28. Bd3 Ra8 29. a3 Rda7 30. Ra1 bxa3 31. Rxa3 Rb8 32. Rda2 Rba8 33. Ke3 Bd7 34.
Bc2 Kf8 35. h3 h4 36. f4 Ke7 37. f5 Rg8 38. Bd1 Rg3+ 39. Bf3 Rb7 40. Kf2 Rg8 41.
Bg4 Ra8 42. g3 hxg3+ 43. Kxg3 a4 44. b4 Rxb4 45. Be2 Rab8 46. Bf1 Rb3+ 47. Kf2
Rxa3 48. Rxa3 Rb2+ 49. Ke1 Bc6 50. Bd3 Rh2 51. Bc2 Rxc2 0-1

[Event "II Miedzynarodowy Memorial Ireny Warakomskiej - Open C"]
[Site "Suwalki"]
[Date "2018.08.08"]
[Round "9.22"]
[White "Fronczyk, Wiktor "]
[Black "Bednarska, Julita"]
[Result "1/2-1/2"]
[WhiteTitle ""]
[BlackTitle ""]
[WhiteElo "1279"]
[BlackElo "1190"]

1. e4 e5 2. Nf3 Nc6 3. Bb5 a6 4. Ba4 Nf6 5. O-O Be7 6. Re1 b5 7. Bb3 d6 8. c3 O-O
9. h3 Na5 10. Bc2 c5 11. d4 Qc7 12. Nbd2 cxd4 13. cxd4 Bd7 14. Nf1 Nc6 15. Ne3
Rac8 16. Bb3 a5 17. a3 a4 18. Nd5 Nxd5 19. Bxd5 Qb8 20. dxe5 dxe5 21. Bg5 Qc7
22. Rc1 Bxg5 23. Nxg5 Be8 24. Re3 Qe7 25. Rg3 h6 26. Nf3 Bd7 27. Qd2 Kh8 28. Ne1
Nd4 29. Nc2 Nxc2 30. Rxc2 Rxc2 31. Qxc2 Rc8 32. Rc3 Rxc3 33. Qxc3 f6 34. Qc7 Qe8
1/2-1/2

[Event "II Miedzynarodowy Memorial Ireny Warakomskiej - Open C"]
[Site "Suwalki"]
[Date "2018.08.08"]
[Round "9.24"]
[White "Zajac, Robert"]
[Black "Galaszewski, Karol "]
[Result "1-0"]
[WhiteTitle ""]
[BlackTitle ""]
[WhiteElo "1248"]
[BlackElo "1152"]

1. d4 Nf6 2. Bf4 g6 3. Nf3 d5 4. Nc3 Nbd7 5. Nb5 Nb6 6. Nxc7+ Kd7 7. Nxa8 Nxa8
8. e3 Ke8 9. Bb5+ Bd7 10. Bxd7+ Qxd7 11. O-O e6 12. Be5 Bg7 13. Qd3 Nb6 14. b3
Ke7 15. a4 Rc8 16. a5 Na8 17. c4 b6 18. axb6 axb6 19. Ra2 Nc7 20. Rfa1 Kf8 21.
Ra7 Nfe8 22. Bxg7+ Nxg7 23. Ne5 Qd6 24. Qd1 Qb4 25. Rxc7 Rxc7 26. Ra8+ Ne8 27.
Ra4 Qd6 28. Ra6 Qd8 29. Rxb6 Rxc4 30. bxc4 Qxb6 31. Nd7+ 1-0

[Event "II Miedzynarodowy Memorial Ireny Warakomskiej - Open C"]
[Site "Suwalki"]
[Date "2018.08.08"]
[Round "9.26"]
[White "Rzecki, Andrzej"]
[Black "Bekier, Piotr"]
[Result "1/2-1/2"]
[WhiteTitle ""]
[BlackTitle ""]
[WhiteElo "1217"]
[BlackElo "1132"]

1. e4 e6 2. c4 c5 3. Nc3 Nc6 4. Nf3 b6 5. d3 Bb7 6. g3 g6 7. Bg2 Bg7 8. Be3 Nge7
9. Qd2 O-O 10. Bh6 f5 11. Bxg7 Kxg7 12. h4 fxe4 13. Nxe4 d5 14. Neg5 Rf6 15. h5
h6 16. O-O-O dxc4 17. Ne4 Nd4 18. Nxf6 Nxf3 19. Bxf3 Bxf3 20. hxg6 Bxh1 21. Rxh1
Kxf6 22. Qf4+ Nf5 23. g4 Qd4 24. Qf3 Qd5 25. Qxd5 exd5 26. gxf5 Kxf5 27. dxc4
Kxg6 28. cxd5 Rf8 29. d6 Rxf2 30. d7 Rf8 31. Rg1+ Kh7 32. Kc2 Rd8 33. Rd1 Kg7
34. Kc3 Kf7 35. Rd6 h5 36. Rh6 Rxd7 37. Rxh5 Ke6 38. a4 Kd6 39. Kc4 Kc6 40. Rh6+
Kb7 41. Rh4 Ka6 42. Kb3 Ka5 43. Ka3 Rd5 44. b3 a6 1/2-1/2

[Event "II Miedzynarodowy Memorial Ireny Warakomskiej - Open C"]
[Site "Suwalki"]
[Date "2018.08.08"]
[Round "9.27"]
[White "Lamch, Michal"]
[Black "Wysocka, Edyta "]
[Result "1/2-1/2"]
[WhiteTitle ""]
[BlackTitle ""]
[WhiteElo "1148"]
[BlackElo "1214"]

1. d4 d5 2. c4 e6 3. Nc3 Nf6 4. e3 Be7 5. Nf3 O-O 6. cxd5 exd5 7. Be2 b6 8. O-O
Bb7 9. b3 Nbd7 10. Bb2 Re8 11. Rc1 Rc8 12. Qd2 Bb4 13. a3 Bxc3 14. Bxc3 Ne4 15.
Qd3 c5 16. Bb2 Ndf6 17. Rc2 cxd4 18. Rxc8 Qxc8 19. Rc1 Qd7 20. Nxd4 Rc8 21. Rxc8+
Qxc8 22. f3 Nc5 23. Qd1 Ne6 24. Nb5 a6 25. Nd6 Qd7 26. Nxb7 Qxb7 27. Bxf6 gxf6
28. b4 b5 29. a4 Qd7 30. axb5 axb5 31. Qd3 d4 32. exd4 Qxd4+ 33. Qxd4 Nxd4 34.
Bd3 Nc6 35. Bxb5 Nxb4 36. Kf2 Kg7 37. f4 f5 38. Kf3 h5 39. h3 Nd5 40. g4 fxg4+
41. hxg4 hxg4+ 42. Kxg4 1/2-1/2

[Event "II Miedzynarodowy Memorial Ireny Warakomskiej - Open C"]
[Site "Suwalki"]
[Date "2018.08.08"]
[Round "9.28"]
[White "Oglaza, Dawid"]
[Black "Gres, Rafal"]
[Result "0-1"]
[WhiteTitle ""]
[BlackTitle ""]
[WhiteElo "1133"]
[BlackElo "1149"]

1. e4 e5 2. Nf3 Nc6 3. Nc3 Bc5 4. Bc4 d6 5. d3 Nf6 6. h3 Qe7 7. Bg5 h6 8. Bh4 g5
9. Bg3 Be6 10. Bb5 Qd7 11. Qd2 a6 12. Ba4 O-O-O 13. O-O-O Bb4 14. a3 Ba5 15. Ng1
b5 16. Bb3 Bxb3 17. cxb3 Nd4 18. Qe1 Nxb3+ 19. Kc2 Qe6 20. Nge2 Nd4+ 21. Kb1 Nd7
22. Nc1 Nb3 23. f3 Nxc1 24. Rxc1 Nc5 25. Rd1 Qb3 26. Bf2 Na4 27. Qd2 Nxc3+ 28.
Kc1 Na2+ 29. Kb1 Bxd2 30. Rxd2 Nc3+ 31. Kc1 Na4 32. Rc2 Kd7 33. Kb1 Qxd3 34. Rhc1
Rb8 35. Ka1 Rbc8 36. Be1 c5 37. Rd2 Qb3 38. Rcd1 Rc6 39. Bf2 Nxb2 40. Rb1 Qxa3#
0-1